000 01141nam a22002537a 4500
005 20170124103116.0
010 _aB-076489
020 _c100.00
035 _aB-076489
037 _bCen Lib/Ret
040 _aDPL
_bHN
082 _a
_bप्रेमचंद
100 _aप्रेमचंद, मुंशी
_980911
245 _aबड़े घर की बेटी :
_cमुंशी प्रेमचंद
_bएक से बढ़कर एक कहानियां /
246 _abade ghar ki beti : ek se bahkar ek kahaniyan /
_bMunshi Premchand
260 _aमथुरा
_bविवेक प्रकाशन
_c2002
270 _aभाषा भवन मार्ग, कच्ची सड़क
_bमथुरा
_e281001
300 _a112पृ. :
_c21सेमी(सजिल्द )
_bसचित्र
650 _aसाहित्य--कहानियां
_x
_z
_980912
650 _aहिंदी कहानियां
_92082
650 _a Literature--Stories
_v
_980913
650 _aHindi Stories
_980914
942 _2ddc
_cHN
_h
_mप्रेमचंद
999 _c118572
_d118572